| 000 | 00821cam a2200253 a 4500 | ||
|---|---|---|---|
| 001 | 000013204 | ||
| 005 | 20250721104320.0 | ||
| 008 | 741030s1970 ve 000 0 spa | ||
| 035 | _a(DLC) 73209207 | ||
| 035 | _a(OCoLC)1061960 | ||
| 040 |
_aDO-SdBNP _cNIC _dDLC _dBNPHU |
||
| 050 | 0 | 0 |
_aHJ9117.S6 _bC3 |
| 082 |
_ann _bC114 |
||
| 100 | 1 |
_aCabezas M , Ramiro. _930297 |
|
| 245 | 1 | 0 |
_aElementos de administración y política tributaria para gobiernos municipales / _cRamiro Cabezas M. |
| 260 |
_aCaracas, (Venezuela) : _bFondo Editorial Común, _c1970. |
||
| 300 |
_a171 p. ; _c23 cm. |
||
| 504 | _aBibliografía: p. 167-171. | ||
| 650 | 0 |
_aLocal taxation. _930298 |
|
| 650 | 0 |
_aMunicipal finance. _930299 |
|
| 650 | 0 |
_aAdministración tributaria _930300 |
|
| 910 | _aCatalogación por copia / LC | ||
| 049 | _aBNGR | ||
| 999 |
_c12843 _d12843 |
||